00480nam a2200145Ia 4500008004100000041000800041082001200049100001900061245004500080260003800125300003300163365000700196999001700203952011400220240624s9999 xx 000 0 und d aeng a368 TRI aTRIPATHY MANAS aGENERAL INSURANCE BUSINESS OPERATIONS AN c2009aNew DelhibCengage Learning axviii, : 170 : p. : cm. ; 23 cRS c22820d22820 02104070aIMTNbIMTNcRack 16-Ad2014-06-24g200.00o368 TRIp22820r2024-06-24 00:00:00t1w2024-06-24yBK